[Event "OLNW 1718 SV Hellern - SF Hannover"]
[Site "?"]
[Date "2018.01.21"]
[Round "5.7"]
[White "Herrmann, Andreas"]
[Black "Weist, Thorben"]
[Result "1/2-1/2"]
[WhiteElo "2129"]
[BlackElo "2034"]
[PlyCount "88"]
[EventDate "2018.??.??"]

1. d4 Nf6 2. Nf3 d6 3. Bg5 Nbd7 4. Nbd2 e5 5. dxe5 Nxe5 6. Nxe5 dxe5 7. Nc4 Qe7
8. e4 Be6 9. c3 h6 10. Bxf6 Qxf6 11. Ne3 Bc5 12. Qf3 Qxf3 13. gxf3 O-O 14. Bb5
Rad8 15. Ba4 Rd6 16. Bb3 Bxe3 17. fxe3 Bxb3 18. axb3 Rfd8 19. O-O a6 20. Rf2
Rd2 21. Raf1 R8d3 22. Re1 Kf8 23. Ree2 Rxe2 24. Rxe2 Ke7 25. Kf2 a5 26. Rc2 Rd6
27. b4 axb4 28. cxb4 Kd7 29. b5 Rd3 30. b4 Rb3 31. Rc4 Rb2+ 32. Kg3 Re2 33. Rc3
Rb2 34. Rc4 Rb3 35. Kf2 Kd6 36. h4 h5 37. f4 exf4 38. exf4 g6 39. Rd4+ Ke7 40.
Rc4 Kd7 41. Rd4+ Kc8 42. Kg2 Rb2+ 43. Kf3 Rb3+ 44. Kg2 Rb2+ 1/2-1/2

[Event "OLNW 1718 SV Hellern - SF Hannover"]
[Site "?"]
[Date "2018.01.21"]
[Round "5.8"]
[White "Bade, Hans-Juergen"]
[Black "Ploog, Martin"]
[Result "1-0"]
[WhiteElo "1972"]
[BlackElo "2101"]
[PlyCount "63"]
[EventDate "2018.??.??"]

1. e4 c5 2. Nc3 Nc6 3. f4 g6 4. Nf3 Bg7 5. Bb5 Nd4 6. O-O a6 7. Bd3 e6 8. Nxd4
cxd4 9. Ne2 Ne7 10. f5 Nc6 11. Qe1 O-O 12. Qf2 gxf5 13. exf5 Bf6 14. fxe6 fxe6
15. Qg3+ Kh8 16. Qh3 Qe7 17. Nf4 Ne5 18. b3 Qg7 19. Ba3 Rf7 20. Nh5 Qh6 21.
Rxf6 Rxf6 22. Nxf6 Qxh3 23. gxh3 Kg7 24. Ne8+ Kh6 25. Bf8+ Kg5 26. Be7+ Kh6 27.
Nd6 b5 28. Be4 Nc6 29. Bf8+ Kg5 30. Rf1 Rb8 31. Nf7+ Kh5 32. Rf6 1-0

[Event "OLNW 1718 SK Nordhorn Blanke - Delmenho"]
[Site "?"]
[Date "2018.01.21"]
[Round "5.1"]
[White "Korsus, Bernd"]
[Black "Kroeze, Frank M"]
[Result "1/2-1/2"]
[WhiteElo "2322"]
[BlackElo "2395"]
[PlyCount "29"]
[EventDate "2018.??.??"]

1. d4 Nf6 2. c4 e6 3. g3 d5 4. Nf3 dxc4 5. Bg2 a6 6. a4 c5 7. O-O Nc6 8. dxc5
Bxc5 9. Qxd8+ Kxd8 10. Bg5 h6 11. Bxf6+ gxf6 12. Nbd2 Na5 13. Rac1 Bd7 14. Nxc4
Nxc4 15. Rxc4 1/2-1/2

[Event "OLNW 1718 SK Nordhorn Blanke - Delmenho"]
[Site "?"]
[Date "2018.01.21"]
[Round "5.2"]
[White "Bertholee, Rob"]
[Black "Hoeffer, David"]
[Result "1-0"]
[WhiteElo "2327"]
[BlackElo "2274"]
[PlyCount "81"]
[EventDate "2018.??.??"]

1. e4 e5 2. Nc3 Nf6 3. Nf3 d6 4. Bc4 Be7 5. O-O O-O 6. a4 Bg4 7. Re1 Nc6 8. h3
Bh5 9. g4 Bg6 10. Nh4 Bxe4 11. g5 Bxc2 12. Qxc2 Nh5 13. Nf3 Qd7 14. Bf1 f5 15.
d4 e4 16. d5 Ne5 17. Nxe5 dxe5 18. Qb3 Kh8 19. Qxb7 Qd8 20. Nb5 Rc8 21. Nxa7
Rb8 22. Qa6 Qxd5 23. Nc6 Rb6 24. Nxe7 Qe6 25. Qe2 Nf4 26. Bxf4 exf4 27. a5 Rb4
28. Qd2 Qxe7 29. Qxf4 Rb3 30. a6 Qc5 31. a7 Ra8 32. Rec1 Qd4 33. Rd1 Qb6 34.
Qd2 h6 35. Qd4 Qg6 36. Qd5 Qxg5+ 37. Kh1 Rxb2 38. Qxa8+ Kh7 39. Rd8 Kg6 40.
Qc6+ Kh5 41. Qc1 1-0

[Event "OLNW 1718 SK Nordhorn Blanke - Delmenho"]
[Site "?"]
[Date "2018.01.21"]
[Round "5.3"]
[White "Mossakowski, Florian"]
[Black "Elgersma, Simon"]
[Result "1/2-1/2"]
[WhiteElo "2288"]
[BlackElo "2113"]
[PlyCount "155"]
[EventDate "2018.??.??"]

1. e4 e6 2. d4 d5 3. e5 c5 4. c3 Nc6 5. Be3 Nge7 6. Nf3 Qb6 7. Qd2 Nf5 8. dxc5
Bxc5 9. Bxc5 Qxc5 10. Bd3 Nfe7 11. O-O Ng6 12. Re1 O-O 13. Na3 f6 14. Bxg6 hxg6
15. Nc2 Qe7 16. Ncd4 Nxd4 17. Qxd4 Qf7 18. h4 Bd7 19. Re3 Rfc8 20. Qf4 Rc4 21.
Nd4 b5 22. b3 Rcc8 23. Rae1 Re8 24. Rf3 Rf8 25. Ree3 Rac8 26. Qg3 Kh7 27. Rf4
Qe7 28. Rg4 f5 29. Rf4 a5 30. Nf3 b4 31. Ng5+ Kg8 32. Kh2 Qc5 33. cxb4 axb4 34.
Nf3 Be8 35. Nd4 Bf7 36. Qg5 Rfe8 37. h5 Qe7 38. Qxe7 Rxe7 39. hxg6 Bxg6 40. Nb5
Rb8 41. Rxb4 Be8 42. a4 Bxb5 43. axb5 Reb7 44. f4 Rxb5 45. Rxb5 Rxb5 46. Kg3
Rb4 47. Kf3 g5 48. fxg5 Kf7 49. Rc3 Kg6 50. Rc6 Kxg5 51. Rxe6 Rxb3+ 52. Ke2 Kf4
53. Kd2 Re3 54. g3+ Ke4 55. Rg6 d4 56. Rg8 Ra3 57. e6 Ra2+ 58. Ke1 Ke3 59. Kf1
Ra7 60. Rf8 d3 61. Rxf5 d2 62. Rd5 Ra6 63. e7 Rf6+ 64. Kg2 Re6 65. Rd7 Ke2 66.
g4 d1=Q 67. Rxd1 Kxd1 68. Kf3 Rxe7 69. g5 Ke1 70. Kf4 Kf2 71. g6 Ra7 72. Kg5
Kg3 73. Kh6 Kg4 74. g7 Ra6+ 75. Kh7 Ra7 76. Kh8 Ra8+ 77. g8=Q+ Rxg8+ 78. Kxg8
1/2-1/2

[Event "OLNW 1718 SK Nordhorn Blanke - Delmenho"]
[Site "?"]
[Date "2018.01.21"]
[Round "5.4"]
[White "Plasman, Hans"]
[Black "Hedke, Fred"]
[Result "1/2-1/2"]
[WhiteElo "2182"]
[BlackElo "2279"]
[PlyCount "191"]
[EventDate "2018.??.??"]

1. d4 d5 2. Bf4 Nf6 3. e3 e6 4. Nd2 g6 5. h4 Bg7 6. Bd3 Nbd7 7. Ngf3 b6 8. Ne5
Bb7 9. h5 Nxh5 10. Rxh5 gxh5 11. Bb5 Bxe5 12. Bxe5 Rg8 13. Qxh5 c6 14. Qxh7 Qg5
15. Nf3 Qg4 16. Be2 Nxe5 17. Nxe5 Qg7 18. Qh4 Qg5 19. Qxg5 Rxg5 20. g3 Ke7 21.
Nf3 Rg7 22. O-O-O Rh8 23. Nh4 Rgg8 24. c3 Bc8 25. Re1 Bd7 26. Bd3 Kd6 27. Kd2
Be8 28. Rc1 f6 29. Rd1 Bf7 30. a3 a5 31. Rc1 Rb8 32. b3 b5 33. Rb1 Rb7 34. Kc2
Rhb8 35. b4 Ra8 36. Kb2 Rba7 37. Ra1 Kc7 38. Bc2 Kb6 39. Bb3 Bh5 40. Bc2 Rh8
41. Bd3 Be8 42. Kc2 axb4 43. cxb4 Rg7 44. Kd2 Bd7 45. Be2 e5 46. Kc3 Re8 47.
Bd3 Rg4 48. Rf1 Rh8 49. Ra1 exd4+ 50. exd4 Rgxh4 51. gxh4 Rxh4 52. a4 bxa4 53.
Rxa4 Rf4 54. Ra6+ Kb7 55. Ra2 Rf3 56. Re2 Kb6 57. Kd2 Bg4 58. Re8 Rxf2+ 59. Ke3
Rf3+ 60. Kd2 Rf2+ 61. Ke3 Rb2 62. Rf8 f5 63. Bxf5 Bxf5 64. Rxf5 Kb5 65. Rf8
Rxb4 66. Kd3 Rb3+ 67. Kc2 Rh3 68. Rf6 Ra3 69. Rh6 Ra4 70. Kc3 Rc4+ 71. Kd3 Kb4
72. Rh1 Rc3+ 73. Kd2 Kc4 74. Rh6 Kb4 75. Rd6 Rc4 76. Kd3 Kb5 77. Rd8 Kb6 78.
Rb8+ Kc7 79. Rh8 Rc1 80. Rh7+ Kb6 81. Rh8 Rg1 82. Rh6 Rg3+ 83. Kc2 Kb5 84. Rd6
Ra3 85. Kd2 Kc4 86. Rxc6+ Kxd4 87. Rh6 Ra2+ 88. Kd1 Kc4 89. Rh3 Rg2 90. Ra3 Rh2
91. Rg3 d4 92. Rf3 Rh1+ 93. Kd2 Ra1 94. Rh3 Ra2+ 95. Kd1 d3 96. Rh8 1/2-1/2

[Event "OLNW 1718 SK Nordhorn Blanke - Delmenho"]
[Site "?"]
[Date "2018.01.21"]
[Round "5.5"]
[White "Margraf, Daniel"]
[Black "Oehne, Timo"]
[Result "1-0"]
[WhiteElo "2201"]
[BlackElo "2149"]
[PlyCount "111"]
[EventDate "2018.??.??"]

1. e4 c5 2. Nc3 Nc6 3. f4 d6 4. Bb5 Bd7 5. a3 g6 6. d3 Bg7 7. Bc4 Nd4 8. Nf3
Be6 9. O-O Bxc4 10. dxc4 Qd7 11. Qd3 Nxf3+ 12. Rxf3 Nf6 13. h3 O-O 14. Be3 Qc6
15. Rd1 Rad8 16. Bf2 Qb6 17. b3 Qa5 18. a4 Nd7 19. Nd5 e6 20. Be1 Qa6 21. Nc3
Bf6 22. Kh1 Nb8 23. Nb5 Nc6 24. Bc3 Bxc3 25. Qxc3 Nb4 26. f5 Qc6 27. fxe6 fxe6
28. Rxf8+ Rxf8 29. Nxd6 Qd7 30. Rd2 Nc6 31. Qg3 e5 32. Rd5 Qg7 33. Qg5 b6 34.
c3 Rf4 35. Kg1 Qf8 36. Rd1 Kh8 37. Qg3 Nd4 38. cxd4 Qxd6 39. d5 Rxe4 40. Rf1
Kg7 41. Qc3 a5 42. Re1 Rd4 43. Qg3 Rf4 44. Qe3 Kf6 45. Rf1 g5 46. Qe4 Qd7 47.
Rf3 Rxf3 48. Qxf3+ Ke7 49. Qf2 Qd6 50. Qf5 Qh6 51. Qxe5+ Kd7 52. Kh1 Qg6 53.
Kh2 h6 54. Qb8 h5 55. Qb7+ Kd8 56. Qc6 1-0

[Event "OLNW 1718 SK Nordhorn Blanke - Delmenho"]
[Site "?"]
[Date "2018.01.21"]
[Round "5.6"]
[White "Baisakow, Alexander"]
[Black "Steingraeber, Kai Uwe"]
[Result "1-0"]
[WhiteElo "2194"]
[BlackElo "2105"]
[PlyCount "53"]
[EventDate "2018.??.??"]

1. e4 c5 2. Nf3 d6 3. d4 cxd4 4. Nxd4 Nf6 5. Nc3 a6 6. Bg5 e6 7. f4 Be7 8. Qf3
Nbd7 9. O-O-O Qc7 10. Bd3 b5 11. Rhe1 Bb7 12. Qg3 b4 13. Nd5 Bxd5 14. exd5 Nxd5
15. Bxe7 Nxe7 16. Qxg7 Rg8 17. Qxh7 Nf6 18. Qh4 Nfd5 19. f5 e5 20. f6 exd4 21.
fxe7 Ne3 22. Qxd4 Nxd1 23. Bh7 Rc8 24. Kxd1 a5 25. Re2 Kd7 26. Qd5 Rge8 27.
Bf5# 1-0

[Event "OLNW 1718 SK Nordhorn Blanke - Delmenho"]
[Site "?"]
[Date "2018.01.21"]
[Round "5.7"]
[White "Silber, Kevin"]
[Black "Hoellmann, Ludger"]
[Result "1-0"]
[WhiteElo "2038"]
[BlackElo "2164"]
[PlyCount "95"]
[EventDate "2018.??.??"]

1. e4 e5 2. Nf3 Nc6 3. Bb5 a6 4. Bxc6 dxc6 5. O-O Bg4 6. h3 h5 7. d3 Qf6 8. Be3
Bxf3 9. Qxf3 Qxf3 10. gxf3 Bd6 11. Nc3 Ne7 12. Ne2 c5 13. f4 exf4 14. Nxf4
O-O-O 15. Ne2 g5 16. f4 g4 17. Kg2 Ng6 18. hxg4 hxg4 19. Rh1 f5 20. Rxh8 Rxh8
21. Rh1 Re8 22. e5 Be7 23. Kg3 Kd7 24. d4 b6 25. Rh6 Nh4 26. dxc5 bxc5 27. Nc3
Nf3 28. Nd5 c6 29. Nxe7 Kxe7 30. Bxc5+ Kd7 31. Rd6+ Kc7 32. Rf6 Nd2 33. Bd6+
Kb6 34. Rxf5 Rg8 35. Kg2 Ne4 36. Rf8 Rg6 37. f5 Rg5 38. Be7 Rh5 39. Rb8+ Ka7
40. Rb4 Nd2 41. Bc5+ Ka8 42. Rf4 Nf3 43. Bd6 Rh2+ 44. Kg3 Rxc2 45. Kxg4 Ne1 46.
f6 Nd3 47. f7 Rg2+ 48. Kf5 1-0

[Event "OLNW 1718 SK Nordhorn Blanke - Delmenho"]
[Site "?"]
[Date "2018.01.21"]
[Round "5.8"]
[White "Bierenbroodspot, Paul"]
[Black "Steffens, Oliver"]
[Result "1-0"]
[WhiteElo "2057"]
[BlackElo "2064"]
[PlyCount "75"]
[EventDate "2018.??.??"]

1. e4 e5 2. Nf3 Nc6 3. Bb5 a6 4. Ba4 Nf6 5. Nc3 b5 6. Bb3 Be7 7. O-O d6 8. a4
Rb8 9. axb5 axb5 10. h3 O-O 11. Qe2 b4 12. Nd5 Nd7 13. d3 Nc5 14. Bc4 Kh8 15.
Be3 Ne6 16. c3 f5 17. exf5 Rxf5 18. d4 bxc3 19. bxc3 Nf4 20. Bxf4 exf4 21. Nxe7
Qxe7 22. Qxe7 Nxe7 23. Rfe1 Ng6 24. Nh4 Rf8 25. Nxg6+ hxg6 26. Re7 f3 27. g4
Bb7 28. Rxc7 Rfc8 29. Rxc8+ Rxc8 30. Bf7 Rxc3 31. Bxg6 Rc8 32. Rb1 Ba8 33. Kh2
Kg8 34. Kg3 Kf8 35. Re1 Bc6 36. Re3 Bd5 37. Be4 Bxe4 38. Rxe4 1-0

[Event "OLNW 1718 SV Lingen - Hamelner SV"]
[Site "?"]
[Date "2018.01.21"]
[Round "5.1"]
[White "Bode, Wilfried"]
[Black "Perunovic, Milos"]
[Result "0-1"]
[WhiteElo "2347"]
[BlackElo "2598"]
[PlyCount "92"]
[EventDate "2018.??.??"]

1. d4 Nf6 2. Nf3 e6 3. Bf4 b6 4. e3 Bb7 5. Nbd2 Be7 6. h3 O-O 7. Bd3 c5 8. c3
Ba6 9. Qe2 Bxd3 10. Qxd3 Nc6 11. O-O d5 12. Ne5 Nxe5 13. Bxe5 Nd7 14. Bh2 c4
15. Qe2 b5 16. e4 Nb6 17. Rac1 Re8 18. Rc2 b4 19. cxb4 Bxb4 20. Nf3 Rc8 21.
Rfc1 e5 22. Bxe5 f6 23. Bf4 Rxe4 24. Be3 Qd7 25. Qd1 Rce8 26. Re2 Bd6 27. Rcc2
Qb5 28. Nd2 R4e6 29. Nb1 Qd7 30. Bc1 Qa4 31. Rxe6 Rxe6 32. g3 Qxa2 33. Re2 Rxe2
34. Qxe2 Qxb1 35. Qe6+ Kf8 36. Qxd6+ Kf7 37. Qc7+ Kg6 38. Qf4 Qe4 39. Qb8 Qe1+
40. Kg2 Qxc1 41. Qe8+ Kf5 42. g4+ Kf4 43. Qe6 g6 44. h4 Qd2 45. Qxf6+ Kxg4 46.
Qf3+ Kxh4 0-1

[Event "OLNW 1718 SV Lingen - Hamelner SV"]
[Site "?"]
[Date "2018.01.21"]
[Round "5.2"]
[White "Kveinys, Aloyzas"]
[Black "Tonndorf, Matthias"]
[Result "1-0"]
[WhiteElo "2547"]
[BlackElo "2296"]
[PlyCount "30"]
[EventDate "2018.??.??"]

1. e4 c5 2. Nf3 e6 3. d4 cxd4 4. Nxd4 a6 5. c4 b6 6. Nc3 Bb7 7. Be2 d6 8. Bf4
Nd7 9. O-O Ngf6 10. Bf3 Qc7 11. Be3 Rc8 12. Rc1 Qb8 13. Qe2 Qa8 14. Nd1 h5 15.
Bd2 Ng4 1-0

[Event "OLNW 1718 SV Lingen - Hamelner SV"]
[Site "?"]
[Date "2018.01.21"]
[Round "5.3"]
[White "van Son, Lutz"]
[Black "Milanovic, Danilo"]
[Result "0-1"]
[WhiteElo "2172"]
[BlackElo "2507"]
[PlyCount "126"]
[EventDate "2018.??.??"]

1. e4 d5 2. exd5 Qxd5 3. Nc3 Qd8 4. d4 Nf6 5. Nf3 Bg4 6. h3 Bxf3 7. Qxf3 c6 8.
Be3 e6 9. O-O-O Bb4 10. Ne4 Nxe4 11. Qxe4 Qd5 12. Qxd5 cxd5 13. Rd3 Nc6 14. Rb3
O-O-O 15. Bb5 Bd6 16. Rc3 Kd7 17. Rd1 Rc8 18. Rdd3 f6 19. Rb3 Rc7 20. Bd2 Kc8
21. Bxc6 Rxc6 22. Rdc3 Kc7 23. Rxc6+ Kxc6 24. Kd1 g5 25. Rf3 Be7 26. Rc3+ Kd7
27. Rb3 b6 28. a4 Bd8 29. Ke2 h5 30. Rc3 Rg8 31. Rb3 Bc7 32. Bb4 g4 33. Bd2 Rg7
34. Ra3 Bd6 35. Rb3 e5 36. a5 Bc7 37. axb6 Bxb6 38. dxe5 fxe5 39. hxg4 hxg4 40.
Rb4 Ke6 41. Rb3 Rf7 42. Be1 Rh7 43. Rg3 Kf5 44. f3 gxf3+ 45. Rxf3+ Ke4 46. Rh3
Rc7 47. Rc3 Rd7 48. Rh3 d4 49. Rh4+ Kd5 50. Rh3 Rc7 51. c3 Re7 52. b3 dxc3 53.
Rxc3 Bd4 54. Rg3 Rc7 55. Rg8 Rc2+ 56. Kd1 Rb2 57. b4 Kc4 58. Rg3 e4 59. Bd2 Ra2
60. Kc1 Bf2 61. Rc3+ Kd4 62. Rc7 Kd3 63. g4 Bd4 0-1

[Event "OLNW 1718 SV Lingen - Hamelner SV"]
[Site "?"]
[Date "2018.01.21"]
[Round "5.4"]
[White "Gutman, Lev"]
[Black "Renner, Kai"]
[Result "1-0"]
[WhiteElo "2400"]
[BlackElo "2149"]
[PlyCount "47"]
[EventDate "2018.??.??"]

1. Nf3 f5 2. g3 Nf6 3. Bg2 g6 4. c3 Bg7 5. Qb3 Nc6 6. d4 e6 7. O-O O-O 8. Bg5
h6 9. Bxf6 Qxf6 10. Nbd2 d6 11. e4 Kh8 12. d5 Nd8 13. exf5 gxf5 14. dxe6 Bxe6
15. Qc2 Bd5 16. Nd4 Bxg2 17. Kxg2 Nc6 18. Nxc6 bxc6 19. Nf3 f4 20. Nh4 Kg8 21.
Rae1 Rae8 22. Re4 fxg3 23. hxg3 Rb8 24. Rfe1 1-0

[Event "OLNW 1718 SV Lingen - Hamelner SV"]
[Site "?"]
[Date "2018.01.21"]
[Round "5.5"]
[White "Schmidt, Dennis"]
[Black "Milenkovic, Mladen"]
[Result "1-0"]
[WhiteElo "2027"]
[BlackElo "2334"]
[PlyCount "89"]
[EventDate "2018.??.??"]

1. e4 c5 2. Nf3 Nc6 3. d3 g6 4. g3 Bg7 5. Bg2 d6 6. O-O Nf6 7. Re1 O-O 8. c3
Rb8 9. Nbd2 b5 10. d4 b4 11. Nb3 bxc3 12. bxc3 c4 13. Nbd2 Qa5 14. Qc2 d5 15.
Nh4 Be6 16. e5 Nd7 17. f4 Kh8 18. Ndf3 Bg4 19. h3 Bxf3 20. Nxf3 e6 21. g4 Ne7
22. Nd2 Rb6 23. a4 f6 24. Ba3 Rf7 25. Bb4 Qa6 26. a5 Rb8 27. Bd6 Re8 28. Nf3
Nc8 29. Bb4 fxe5 30. fxe5 Bf8 31. Ng5 Rg7 32. Rf1 Bxb4 33. cxb4 Kg8 34. Rf2 Rf8
35. Rxf8+ Nxf8 36. Rf1 h6 37. Qf2 Nd7 38. b5 Qxb5 39. Nxe6 Re7 40. Nc7 Qxa5 41.
Nxd5 Qd8 42. Nxe7+ Qxe7 43. Bd5+ Kh8 44. Bxc4 Ncb6 45. e6 1-0

[Event "OLNW 1718 SV Lingen - Hamelner SV"]
[Site "?"]
[Date "2018.01.21"]
[Round "5.6"]
[White "Kollen, Zyon"]
[Black "Gerstmann, Frank"]
[Result "1-0"]
[WhiteElo "2282"]
[BlackElo "2168"]
[PlyCount "76"]
[EventDate "2018.??.??"]

1. e4 c5 2. Nf3 d6 3. d4 cxd4 4. Nxd4 Nf6 5. Nc3 a6 6. Be3 e6 7. Qd2 b5 8. f3
Bb7 9. g4 Nc6 10. Nxc6 Bxc6 11. g5 Nd7 12. O-O-O b4 13. Ne2 d5 14. Nd4 Bb7 15.
f4 Nc5 16. e5 Rc8 17. Kb1 Ne4 18. Qg2 Bc5 19. h4 Qb6 20. Ka1 O-O 21. Qg1 a5 22.
h5 a4 23. Rh3 Rfd8 24. g6 fxg6 25. hxg6 h6 26. f5 exf5 27. Nxf5 b3 28. Ne7+ Kf8
29. Nxc8 bxc2 30. Rc1 Rxc8 31. Bxc5+ Rxc5 32. a3 Qc7 33. Bd3 Kg8 34. Rh2 Rc6
35. Rhxc2 Rxc2 36. Rxc2 Qxe5 37. Qa7 Nd6 38. Qxb7 Qe1+ 1-0

[Event "OLNW 1718 SV Lingen - Hamelner SV"]
[Site "?"]
[Date "2018.01.21"]
[Round "5.8"]
[White "Milosevic, Aleksandar"]
[Black "Reichelt, Ole"]
[Result "1-0"]
[WhiteElo "2249"]
[BlackElo "1784"]
[PlyCount "33"]
[EventDate "2018.??.??"]

1. Nf3 Nf6 2. c4 e6 3. g3 d5 4. d4 Be7 5. Bg2 O-O 6. O-O Nbd7 7. Qc2 c6 8. Nbd2
Qc7 9. b3 e5 10. cxd5 Nxd5 11. Nxe5 Nxe5 12. Bxd5 Qd6 13. Be4 Qxd4 14. Bb2 Qc5
15. Qxc5 Bxc5 16. Bxe5 Re8 17. Bc3 1-0

[Event "OLNW 1718 HSK Lister Turm - SV Werder B"]
[Site "?"]
[Date "2018.01.21"]
[Round "5.1"]
[White "Kardoeus, David"]
[Black "Buchenau, Frank"]
[Result "0-1"]
[WhiteElo "2197"]
[BlackElo "2243"]
[PlyCount "98"]
[EventDate "2018.??.??"]

1. e4 c6 2. d4 d5 3. e5 Bf5 4. Nf3 e6 5. Be2 Nd7 6. O-O h6 7. c4 dxc4 8. Bxc4
Nb6 9. Bb3 Ne7 10. Nc3 Bg4 11. h3 Bxf3 12. Qxf3 Qxd4 13. Ne4 Ng6 14. Bxe6 fxe6
15. Qg4 Qd7 16. Qxg6+ Qf7 17. Qg4 Qf5 18. Be3 Qxg4 19. hxg4 Nc4 20. Bd4 O-O-O
21. Rad1 Bb4 22. a3 Be7 23. f4 Rd5 24. Bxa7 b6 25. Rc1 Rd4 26. Ng3 Kb7 27. Nh5
Rg8 28. Rfd1 Bc5 29. Kh2 Nxb2 30. Rxd4 Bxd4 31. Re1 Kxa7 32. f5 Nd3 33. Rd1
Bxe5+ 34. g3 Nc5 35. fxe6 Re8 36. Nf4 Bxf4 37. gxf4 Rxe6 38. f5 Re4 39. Kg3 Ra4
40. Re1 Ne4+ 41. Kf4 Nf6+ 42. Ke5 Rxg4 43. Kd6 c5 44. Re7+ Ka6 45. Kc6 c4 46.
Re3 Rf4 47. Rg3 Rxf5 48. Kc7 Rc5+ 49. Kd6 Ne4+ 0-1

[Event "OLNW 1718 HSK Lister Turm - SV Werder B"]
[Site "?"]
[Date "2018.01.21"]
[Round "5.2"]
[White "Hoerstmann, Martin"]
[Black "Buchal, Stephan"]
[Result "1/2-1/2"]
[WhiteElo "2249"]
[BlackElo "2313"]
[PlyCount "30"]
[EventDate "2018.??.??"]

1. d4 d6 2. Nf3 g6 3. c4 Bg7 4. Nc3 Nf6 5. g3 O-O 6. Bg2 Nc6 7. O-O a6 8. b3
Rb8 9. d5 Na5 10. Bg5 Bd7 11. Rc1 c5 12. dxc6 Nxc6 13. Qd3 Re8 14. Rfd1 Qa5 15.
h3 Be6 1/2-1/2

[Event "OLNW 1718 HSK Lister Turm - SV Werder B"]
[Site "?"]
[Date "2018.01.21"]
[Round "5.3"]
[White "Steffens, Olaf"]
[Black "Voege, Tobias"]
[Result "1-0"]
[WhiteElo "2230"]
[BlackElo "2164"]
[PlyCount "57"]
[EventDate "2018.??.??"]

1. b4 e5 2. a3 d5 3. Bb2 Bd6 4. c4 dxc4 5. e3 Be6 6. Qc2 Nd7 7. Bxc4 Qe7 8. Ne2
Ngf6 9. d3 O-O 10. Nbc3 c6 11. O-O Nb6 12. Bxe6 Qxe6 13. e4 Rfd8 14. Ng3 a5 15.
f4 axb4 16. axb4 Rxa1 17. Bxa1 exf4 18. Nf5 Bxb4 19. Ne2 Nh5 20. Nxf4 Nxf4 21.
Rxf4 f6 22. Nxg7 Qd6 23. Rg4 Qxd3 24. Ne6+ Kf7 25. Nxd8+ Qxd8 26. Qb3+ Nd5 27.
exd5 Qb6+ 28. Bd4 c5 29. d6+ 1-0

[Event "OLNW 1718 HSK Lister Turm - SV Werder B"]
[Site "?"]
[Date "2018.01.21"]
[Round "5.4"]
[White "Hoerstmann, Rudi"]
[Black "Lai Hop, Duong"]
[Result "1/2-1/2"]
[WhiteElo "2262"]
[BlackElo "2187"]
[PlyCount "90"]
[EventDate "2018.??.??"]

1. Nf3 d5 2. g3 Nf6 3. Bg2 c6 4. c4 Bf5 5. Qb3 Qb6 6. d3 e6 7. Be3 Qxb3 8. axb3
a6 9. Nc3 Nbd7 10. cxd5 exd5 11. Nd4 Bg6 12. Nc2 Bd6 13. b4 O-O 14. Na4 Rfe8
15. Kd2 Re7 16. Nc5 Rb8 17. Bh3 Ne5 18. Bg5 h5 19. Nd4 Neg4 20. Bxg4 hxg4 21.
h3 Be5 22. Ncb3 gxh3 23. Rxh3 Ree8 24. Bxf6 Bxf6 25. f4 Be7 26. Kc3 f5 27. Rg1
b6 28. g4 c5 29. bxc5 bxc5 30. Nxf5 Bf6+ 31. d4 Bxf5 32. gxf5 cxd4+ 33. Kd2 Re4
34. Rf3 a5 35. Ra1 a4 36. Rxa4 d3 37. Nc5 Rxe2+ 38. Kxd3 Rexb2 39. Rf1 Rc8 40.
Ra5 Rb4 41. Nd7 Rd4+ 42. Ke2 Rc2+ 43. Ke3 Rc3+ 44. Ke2 Rc2+ 45. Ke3 Rc3+
1/2-1/2

[Event "OLNW 1718 HSK Lister Turm - SV Werder B"]
[Site "?"]
[Date "2018.01.21"]
[Round "5.5"]
[White "Elmali, Timur"]
[Black "Hampel, Felix"]
[Result "0-1"]
[WhiteElo "2124"]
[BlackElo "2195"]
[PlyCount "98"]
[EventDate "2018.??.??"]

1. d4 g6 2. e4 Bg7 3. Nf3 d6 4. Bc4 e6 5. O-O Ne7 6. Be3 Nd7 7. a4 h6 8. Nc3
O-O 9. a5 c6 10. d5 exd5 11. exd5 Nf6 12. h3 c5 13. Qd2 g5 14. h4 g4 15. Ne1
Nf5 16. g3 Nh5 17. Ng2 Nxe3 18. Qxe3 Bd4 19. Qxh6 Nxg3 20. Bd3 Nf5 21. Qh5 Qf6
22. Qxg4+ Kh8 23. Ne4 Qh6 24. Qg5 Rg8 25. Qxh6+ Nxh6 26. c3 Bh3 27. Ng5 Bxg2
28. Kxg2 f6 29. cxd4 fxg5 30. h5 cxd4 31. Rae1 Ng4 32. Re7 Rg7 33. Re6 Rd8 34.
Rfe1 Ne5 35. Rh6+ Kg8 36. Bf5 Re7 37. Kg3 Rf8 38. Be4 Ref7 39. Rxd6 Rxf2 40.
Bh7+ Kxh7 41. Rxe5 d3 42. Rd7+ Kh8 43. Ree7 R8f3+ 44. Kg4 d2 45. Rh7+ Kg8 46.
Rdg7+ Kf8 47. h6 Rf7 48. Rh8+ Ke7 49. d6+ Kd7 0-1

[Event "OLNW 1718 HSK Lister Turm - SV Werder B"]
[Site "?"]
[Date "2018.01.21"]
[Round "5.6"]
[White "Virag, Attila Aba"]
[Black "Wachinger, Nikolas"]
[Result "0-1"]
[WhiteElo "2282"]
[BlackElo "2243"]
[PlyCount "124"]
[EventDate "2018.??.??"]

1. e4 c5 2. Nf3 d6 3. d4 cxd4 4. Qxd4 Nf6 5. Bg5 Nc6 6. Qd3 e6 7. c4 Be7 8. Nc3
O-O 9. Be2 a6 10. O-O Bd7 11. Rfd1 Qb6 12. Be3 Qc7 13. h3 Rfd8 14. Rac1 Rab8
15. Qb1 Qa5 16. Bf4 Be8 17. c5 e5 18. Bd2 Qc7 19. cxd6 Rxd6 20. Bg5 Rxd1+ 21.
Rxd1 Rd8 22. Bxf6 Rxd1+ 23. Qxd1 Bxf6 24. Nd5 Qd6 25. Nd2 Bd8 26. Nc4 Qc5 27.
b4 Qd4 28. Nd6 Kf8 29. Nxb7 Qxe4 30. Bf3 Qd4 31. Qc2 Bb6 32. a3 Ba7 33. Ne3 Ne7
34. Nc5 g6 35. Nb3 Qf4 36. Nc5 Bb5 37. Bb7 Qd4 38. Bxa6 Bc6 39. Bf1 Kg7 40. Qc1
h5 41. Nb3 Qd7 42. Qc3 f6 43. Nc5 Qd6 44. Qc4 Nd5 45. Bd3 Nxe3 46. fxe3 f5 47.
Kh1 Kh6 48. a4 e4 49. Bf1 Bb8 50. Kg1 Qh2+ 51. Kf2 Bg3+ 52. Ke2 Qg1 53. Kd2 f4
54. Qe2 f3 55. gxf3 exf3 56. Qd3 Be5 57. e4 Qf2+ 58. Kd1 Bf4 59. h4 Qb2 60. Ke1
Qxb4+ 61. Kf2 Qxc5+ 62. Kxf3 Bc1 0-1

[Event "OLNW 1718 HSK Lister Turm - SV Werder B"]
[Site "?"]
[Date "2018.01.21"]
[Round "5.7"]
[White "Schoetzig, Detlef"]
[Black "Gentemann, Moritz"]
[Result "0-1"]
[WhiteElo "2110"]
[BlackElo "2183"]
[PlyCount "78"]
[EventDate "2018.??.??"]

1. d4 d5 2. Nf3 Nf6 3. c4 e6 4. g3 dxc4 5. Bg2 a6 6. O-O Nc6 7. Nc3 Bb4 8. Qa4
O-O 9. Ne5 Nxe5 10. dxe5 Bxc3 11. bxc3 b5 12. Qc2 Nd5 13. a4 Bd7 14. Rd1 Qc8
15. Rd4 Rb8 16. Rh4 f5 17. exf6 Nxf6 18. Bg5 Be8 19. Bxf6 Bg6 20. Be4 Rxf6 21.
Bxg6 Rxg6 22. Rd1 Qe8 23. axb5 axb5 24. Rhd4 Rf6 25. Qe4 Rf7 26. Qh4 Re7 27.
Qg5 h6 28. Qe5 Kh7 29. h4 Qg6 30. Rd7 Qf7 31. Qe4+ Kg8 32. Qc6 Rf8 33. Rxe7
Qxe7 34. Rd7 Qf6 35. f4 Qxc3 36. Qxe6+ Kh8 37. Qe7 Qxg3+ 38. Kh1 Rxf4 39. Rd8+
Kh7 0-1

[Event "OLNW 1718 HSK Lister Turm - SV Werder B"]
[Site "?"]
[Date "2018.01.21"]
[Round "5.8"]
[White "Polster, Christian"]
[Black "Heldt, Nils-Lennart"]
[Result "1-0"]
[WhiteElo "2171"]
[BlackElo "2077"]
[PlyCount "91"]
[EventDate "2018.??.??"]

1. e4 e5 2. Bc4 Nc6 3. Nc3 Nf6 4. d3 Na5 5. Nf3 Nxc4 6. dxc4 Bb4 7. Qd3 d6 8.
Bd2 O-O 9. O-O-O Be6 10. Nd5 Bxd2+ 11. Nxd2 Nd7 12. Ne3 a6 13. g4 b5 14. Nb3
bxc4 15. Nxc4 Bxg4 16. Rdg1 Be6 17. Ne3 Qh4 18. f3 Kh8 19. Qc3 Rac8 20. Kb1 f5
21. exf5 Bxf5 22. Nxf5 Rxf5 23. Qd3 Rcf8 24. Qxa6 Rxf3 25. a4 R3f7 26. a5 e4
27. Re1 Re7 28. Qc4 Nf6 29. Nd4 Qh5 30. Nc6 Ree8 31. a6 Qc5 32. Qxc5 dxc5 33.
a7 Nd5 34. Rhf1 Kg8 35. Rxf8+ Kxf8 36. Rf1+ Kg8 37. c4 Nb6 38. b3 Re6 39. Nb8
e3 40. Re1 Na8 41. Kc2 g5 42. Kd3 Rb6 43. Rxe3 Rxb3+ 44. Ke4 Rb4 45. Kf5 Rxc4
46. Nd7 1-0

[Event "OLNW 1718 Bremer SG - SC Tempo Götting"]
[Site "?"]
[Date "2018.01.21"]
[Round "5.1"]
[White "Armbrust, Florian"]
[Black "Borik, Otto"]
[Result "1-0"]
[WhiteElo "2309"]
[BlackElo "2357"]
[PlyCount "33"]
[EventDate "2018.??.??"]

1. e4 e6 2. d4 d5 3. Bd3 dxe4 4. Bxe4 Nf6 5. Bf3 Nbd7 6. Ne2 e5 7. O-O Bd6 8.
Ng3 O-O 9. Nc3 exd4 10. Qxd4 Ne5 11. Be2 Re8 12. Bf4 Bd7 13. Rad1 h6 14. Bb5 a6
15. Bxd7 Qxd7 16. Nce4 Nxe4 17. Bxe5 1-0